000 01117nam0a2200313 4500
001 RU\NLR\BIBL_A\022149611
005 20250627120155.0
035 _a(NLR Aleph) 022149611
090 _a13320316
_c13320316
100 _a20240226d1946 |||y0rusy50 ca
101 0 _adar
102 _aRU
105 _aac z 000 y
181 0 _ai
_baxxe
182 0 _an
200 1 _aБукварь
_fС. Омаров
203 _aТекст
_bвизуальный
_cнепосредственный
210 _aМахачъала
_cДагучпедгиз
_d1946
215 _a97 с.
_cил., портр.
_d22
541 1 _6z01790
_aБукварь для детей
_zrus
606 1 _aДаргинский язык
_jБуквари
_92622787
_3RU\NLR\AUTH\661559347
686 1 _aШ160.33-920
700 1 _aГIямаров
_bС. М.
_f1894-1981
_gСаид МяхIяммадович
790 1 _6z01541
_aОмаров
_bС. М.
_f1894-1981
_gСаид Магомедович
_4070
852 _aNLR
_bОНЛ
_jДарг./3-111
852 _aNLR
_bОНЛ
_jДарг./3-111
942 _cBOOK
980 _aNB